Quizzes
Events
Quiz Creation
Community
Videos
Private Events
Remove Ads
Sign In
Join for FREE
Feedback
Dark Mode
Quiz Categories
Sports
Geography
Music
Movies
Television
Just For Fun
Miscellaneous
History
Literature
Language
Science
Gaming
Entertainment
Religion
Holiday
For Kids
Quiz Lab
Recent
Popular Today
Quiz Kudos Today
Editor Picks
Curator Picks
Quizzes by...
Day
Popularity
Type
Ratings
Length
Year
Community
Subscriptions
Recent Discussions
Orange Saloon
Badges
Playlists
Quests
Create
Leaderboards
Showdown
Live 5
Trivia Bingo
Activity
Puzzle Library
Sporcle Events
Private Events
Virtual Trivia
Globe League
Become a Host
Pub Owners
SporcleCon
Opinionation
Our Games
Videos
Blog
Mobile Apps
Partnerships
Remove Ads and Go Orange
Feedback
Sports
Athletes
MLB
NBA
NHL
NFL
Soccer
Sports Teams
WWE
NCAA
Football
Premier League
Basketball
Baseball
Hockey
Golf
Tennis
Cricket
Rugby
Auto Racing
Olympics
World Cup
Sports
Athletes
MLB
NBA
NHL
NFL
Soccer
Sports Teams
WWE
NCAA
Football
Premier League
Basketball
Baseball
Hockey
Golf
Tennis
Cricket
Rugby
Auto Racing
Olympics
World Cup
Random Quiz
Search Sporcle
×
Quiz Lab
Quiz Lab
Sports
Pride
Select answers by clicking on text or image buttons
Select answers by clicking on text or image buttons
Clickable
Best Score? Go Orange.
Fighters Wanderlei Silva has Defeated (Clickable) Stats
Can you pick the Fighters Wanderlei Silva has Defeated (Clickable)?
By
themuffinman
3m
31 Questions
123 Plays
123 Plays
123 Plays
Comments
Comments
Give Quiz Kudos
Give Quiz Kudos
-
- Ratings
hide this ad
Random Order
Randomize order of answers
Randomize order of answers
Replay
Link that replays current quiz
Next Quiz
Link to next quiz in quiz playlist
You Got
0%
They Got
Avg Score
66%
Avg Friend Score
Upgrade to see
Score Distribution
Jump to the score distribution portion of the page
Score
0/31
Timer
03:00
0
Plays Today
% Correct
Quinton Jackson
87.8%
Kazushi Sakuraba
83.7%
Kazuhiro Nakamura
78.9%
Michael Bisping
74.8%
Dan Henderson
74%
Hiromitsu Kanehara
74%
Brian Stann
74%
Alexander Otsuka
72.4%
Kazuyuki Fujita
72.4%
Yuki Kondo
71.5%
Ikuhisa Minowa
69.9%
Cung Le
69.9%
Kiyoshi Tamura
69.1%
Daijiro Matsui
68.3%
Hidehiko Yoshida
68.3%
Mike van Arsdale
66.7%
% Correct
Tatsuya Iwasaki
66.7%
Keith Jardine
65.9%
Guy Mezger
64.2%
Egidio da Costa
62.6%
Bob Schrijber
62.6%
Ricardo Arona
62.6%
Tony Petarra
61%
Shungo Oyama
59.3%
Marcelao Barbosa
58.5%
Carl Malenko
58.5%
Dilson Filho
56.9%
Todd Medina
56.1%
Adrian Serrano
55.3%
Sean Bormet
47.2%
Eugene Jackson
46.3%
Quiz Playlist
Details
Report
Send in Message
Add To Playlist
Clickable:
Select answers by clicking on text or image buttons
Random Order:
Randomize order of answers
Last Updated: Feb 16, 2017
Quiz Scoreboard
CHALLENGE
Sign Up to Join the Scoreboard
Show All
Scores
Hide
Comments
May contain spoilers
Recently Published
Presidents Visiting Landmarks
by Hejman
History
7m
An Introduction to Baseball
by treessimontrees
Sports
5m
Movies - When Are They Set?
by FPL_Elf
Movies
5m
More to Explore
Quiz From the Vault
Featured Blog Post
Where Did the Easter Bunny Come From?
hide this ad
You Might Also Like...
Tags
MMA
MMA Champions
MMA Fighters
Pride
Pride Champions
UFC
UFC Fighters
UFC Middleweight
Today's Top Quizzes in Sports
Browse Sports
hide this ad
Today's Top Quizzes in Pride
Browse Pride
Top Contributed Quizzes in Sports
1
Les meilleurs buteurs des matchs entre le PSG et l’OM
2
2022 World Cup Stars
3
FIFA Club World Cup Champions
4
Les entraîneurs de l'OM et du PSG au 21e siècle
5
Name the Premier League winners with different clubs
6
La finale Lions - Afrique du Sud 2021
7
England Test cricketers to play under Nasser Hussain
8
5-to-1: UK Sports Teams
9
Les joueurs passés par le LOSC et le RC Lens
10
Criteria MLB: Left Handed Sluggers
Explore More
Trending Topics
Marvel
Crossword
Disney
Harry Potter
Kpop
Anime
NBA
The Office
Puzzle
NFL
Song
Soccer
Country
Pokémon
WWE
hide this ad
More By:
themuffinman
Quiz
Plays
Rating
Category
Featured
Created
UFC Champions Clickable
1,276
2.89
Sports
May 29, 2012
My Name is Jonas Lyrics
997
4.50
Music
Nov 1, 2011
USA Today/MMA Junkie Rankings (Regularly Updated)
656
4.00
Sports
Jan 5, 2014
UFC Hall Of Fame Members (Clickable)
623
5.00
Sports
May 28, 2013
UFC Main Events (Part 6: 2012-2013)
570
4.80
Sports
Mar 13, 2013
Go to Creator's Profile
Score Distribution
Quiz Creator Spotlight
themuffinman
Follow
Send a Message
Quizzes Created
-
Created Quiz Play Count
-
More By This Creator
Popular Quizzes Today
1
Find the US States - No Outlines Minefield
2
Find the Countries of Europe - No Outlines Minefield
3
The Countries of the World
4
Popular People in 1961
5
Find the US States
6
US States
7
Risky Map Clicking: Biggest States A-Z
8
1-10 Letter E Words III
More Sports Quizzes
Grant Hill's Top Scoring teammates per season
Quiz Lab
Trending Quizzes
Risky Map Clicking: Least Populous States A-Z
1-10 Letter G Words
1-10 Letter F Words
One Thing in Common: United Kingdom
Risky Map Clicking: Next State Alphabetically
Recently Updated
Leaping Animals
pecheneg
Reality TV Shows (A-Z)
bhenderson79
Rickey Henderson's Hall of Fame Teammates
pecheneg
Champions League XIs: Arsenal
pecheneg
Quick Pick: Celebrities in WWE's Hall of Fame
aduchscher
A-Z Keypad Blitz II
pecheneg
Multiple Oscar Actors
pecheneg
Mystery Phrase Blitz: Oscar 'Best Actors'
pecheneg
F. Scott Fitzgerald Novels
LTH
Pick 3 Villains
ddd62291
Trending Topics
NBA
Disney
Kpop
Harry Potter
Marvel
Crossword
Anime
Soccer
Pokémon
NFL
Song
Country
Puzzle
The Office
WWE
Your Account Isn't Verified!
In order to create a playlist on Sporcle, you need to verify the email address you used during registration. Go to your
Sporcle Settings
to finish the process.
Report this User
Report this user for behavior that violates our
Community Guidelines
.
Details:
Send Report
Go to the Sporcle.com Mobile Site →
Comments